[Event "Konnerud Tempo høstturnering 2022"]
[Site "Malmveien 15"]
[Date "2022.08.17"]
[Round "9"]
[White "Lundstad, Andreas"]
[Black "Sørjordet, Anders"]
[Result "1-0"]
[WhiteElo "1596"]
[BlackElo "1718"]
[PlyCount "109"]
[EventDate "2022.??.??"]

1. e4 e6 2. Nc3 d5 3. d4 Nf6 4. e5 Nfd7 5. f4 c5 6. Nf3 Nc6 7. Bb5 Qb6 8. Bxc6
bxc6 9. Ne2 Ba6 10. c3 cxd4 11. Nexd4 Nc5 12. Qc2 Nd3+ 13. Kd1 Be7 14. b4 Nxc1
15. Rxc1 O-O 16. f5 c5 17. bxc5 Bxc5 18. Rb1 Qc7 19. f6 Bxd4 20. fxg7 Kxg7 21.
Qd2 h6 22. Qxd4 Rac8 23. Kd2 Qc4 24. Qxc4 Rxc4 25. Nd4 Rfc8 26. Rb3 Ra4 27. Rb2
Ra3 28. Rc2 Bc4 29. Ra1 Rc5 30. Rb2 Rca5 31. Nc6 Rxa2 32. Raxa2 Rxa2 33. Rxa2
Bxa2 34. Nxa7 Kg6 35. Ke3 Kf5 36. Nc6 Bc4 37. g3 Bb5 38. Nd4+ Kxe5 39. Nxb5 f6
40. h4 Kf5 41. Kf3 e5 42. g4+ Ke6 43. Nc7+ Kd6 44. Ne8+ Ke6 45. Ng7+ Kd6 46.
Nf5+ Kc5 47. Ke3 Kc4 48. Nxh6 Kxc3 49. Nf5 d4+ 50. Ke2 Kc2 51. Ke1 d3 52. Ne3+
Kc1 53. h5 d2+ 54. Ke2 f5 55. gxf5
1-0

[Event "Konnerud Tempo høstturnering 2022"]
[Site "Malmveien 15"]
[Date "2022.08.17"]
[Round "9"]
[White "Rørvik, Jon Fredrik"]
[Black "Eriksen, Dag"]
[Result "1-0"]
[WhiteElo "2129"]
[BlackElo "1626"]
[PlyCount "45"]
[EventDate "2022.??.??"]

1. c4 e5 2. g3 d6 3. Bg2 Nc6 4. Nc3 g6 5. e3 Bg7 6. Nge2 Nge7 7. O-O O-O 8. h3
Be6 9. Nd5 Bxd5 10. cxd5 Nb8 11. d4 Nd7 12. dxe5 Nxe5 13. Qb3 Qd7 14. f4 c5 15.
fxe5 Bxe5 16. e4 b5 17. Bh6 Rfe8 18. Rac1 Nc8 19. Qc2 Nb6 20. b3 c4 21. Bf4 Bg7
22. Qd2 Rac8 23. Nd4
1-0

[Event "Konnerud Tempo høstturnering 2022"]
[Site "Malmveien 15"]
[Date "2022.08.17"]
[Round "9"]
[White "Simula, Leon"]
[Black "Aure, Anders Nilsson"]
[Result "1/2-1/2"]
[WhiteElo "2140"]
[BlackElo "1802"]
[PlyCount "54"]
[EventDate "2022.??.??"]

1. d4 Nf6 2. c4 e5 3. dxe5 Ng4 4. Nf3 Bc5 5. e3 Nc6 6. Be2 Ncxe5 7. O-O O-O 8.
Nxe5 Nxe5 9. Nc3 a5 10. b3 Ra6 11. Ne4 Ba7 12. Bb2 Qe7 13. Bd4 Bxd4 14. exd4
Ng6 15. Nc5 Nf4 16. Nxa6 Nxe2+ 17. Kh1 bxa6 18. Re1 Re8 19. Qd2 Bb7 20. d5 c6
21. d6 Qf6 22. c5 Qxf2 23. Qxa5 Qh4 24. Rad1 Ng3+ 25. Kg1 Ne2+ 26. Kh1 Ng3+ 27.
Kg1 Ne2+
1/2-1/2

[Event "Konnerud Tempo høstturnering 2022"]
[Site "Malmveien 15"]
[Date "2022.08.17"]
[Round "10"]
[White "Hellenes, André Tsolis"]
[Black "Simula, Leon"]
[Result "0-1"]
[WhiteElo "1678"]
[BlackElo "2140"]
[PlyCount "82"]
[EventDate "2022.??.??"]

1. d4 Nf6 2. c4 c5 3. Nf3 cxd4 4. Nxd4 Nc6 5. Nc3 g6 6. e4 Bg7 7. Nf3 O-O 8.
Be2 d6 9. O-O Be6 10. Ng5 Bd7 11. Be3 Rc8 12. Rb1 h6 13. Nf3 Ng4 14. Bf4 Nge5
15. Nxe5 Nxe5 16. Bxe5 Bxe5 17. Qd2 Bg7 18. Rfd1 Bc6 19. Rbc1 Qe8 20. b4 a6 21.
b5 Bd7 22. a4 Rc5 23. Nd5 Qd8 24. h3 Be6 25. Nf4 Qc8 26. Nd5 Re8 27. Ne3 axb5
28. axb5 b6 29. Nd5 Qb7 30. Nb4 Qxe4 31. Bf3 Qh4 32. Nd5 Bxd5 33. Bxd5 Rd8 34.
Re1 e6 35. Re4 Qf6 36. Bc6 d5 37. cxd5 Rxc1+ 38. Qxc1 exd5 39. Re8+ Rxe8 40.
Bxe8 Bf8 41. Qd2 Qa1+
0-1

[Event "Konnerud Tempo høstturnering 2022"]
[Site "Malmveien 15"]
[Date "2022.08.17"]
[Round "10"]
[White "Ivanov, Dmitry N"]
[Black "Skogli, Pål"]
[Result "1-0"]
[WhiteElo "2138"]
[BlackElo "1772"]
[PlyCount "41"]
[EventDate "2022.??.??"]

1. e4 d5 2. exd5 Nf6 3. c4 c6 4. d4 cxd5 5. Nc3 e6 6. c5 Be7 7. Nf3 Nc6 8. Bb5
O-O 9. O-O Qc7 10. Re1 Bd7 11. h3 b6 12. Bxc6 Bxc6 13. b4 bxc5 14. bxc5 Rab8
15. Ne5 Ba8 16. Qa4 Qb7 17. Rb1 Qc7 18. Bf4 Rxb1 19. Rxb1 Ne4 20. Nxe4 dxe4 21.
Ng6
1-0

[Event "Konnerud Tempo høstturnering 2022"]
[Site "Malmveien 15"]
[Date "2022.08.17"]
[Round "10"]
[White "Kierulf, Villum Brevick"]
[Black "Taksrud, Vidar"]
[Result "0-1"]
[WhiteElo "1631"]
[BlackElo "1890"]
[PlyCount "77"]
[EventDate "2022.??.??"]

1. c4 Nf6 2. Nc3 d5 3. e3 g6 4. Nf3 Bg7 5. cxd5 Nxd5 6. Bc4 Nxc3 7. bxc3 O-O 8.
O-O b6 9. d4 c5 10. Ba3 Ba6 11. Qb3 Bxc4 12. Qxc4 Nd7 13. Rfd1 cxd4 14. cxd4
Rc8 15. Qa4 Re8 16. Rac1 Rc7 17. Rxc7 Qxc7 18. Rc1 Qb7 19. Qc6 Rb8 20. Qxb7
Rxb7 21. Bxe7 Nf8 22. Ba3 a5 23. Rc8 f6 24. d5 b5 25. Bc5 b4 26. Nd4 Kf7 27. d6
Ne6 28. Nxe6 Kxe6 29. e4 f5 30. exf5+ gxf5 31. Re8+ Kf7 32. Re7+ Rxe7 33. dxe7
Bc3 34. Kf1 a4 35. Ke2 a3 36. Kd3 b3 37. Kxc3 bxa2 38. Bxa3 a1=Q+ 39. Bb2
0-1

[Event "Konnerud Tempo høstturnering 2022"]
[Site "Malmveien 15"]
[Date "2022.08.17"]
[Round "10"]
[White "Sørjordet, Anders"]
[Black "Lurdalen, Svein Erik"]
[Result "0-1"]
[WhiteElo "1718"]
[BlackElo "1781"]
[PlyCount "86"]
[EventDate "2022.??.??"]

1. d4 Nf6 2. c4 e5 3. dxe5 Ng4 4. Nf3 Nc6 5. Nc3 Bb4 6. e3 Ncxe5 7. Be2 O-O 8.
O-O Bxc3 9. bxc3 d6 10. Nxe5 Nxe5 11. f4 Ng6 12. e4 b6 13. f5 Ne5 14. f6 gxf6
15. Qe1 Kh8 16. Qh4 Be6 17. Bf4 Rg8 18. Rf2 a5 19. Raf1 a4 20. Bxe5 fxe5 21.
Rf6 Rg7 22. a3 Qg8 23. R1f2 Rg6 24. Bh5 Rg7 25. Be2 Re8 26. Kh1 Rg6 27. Bh5 Rg7
28. Be2 Rg5 29. h3 Qg7 30. Bh5 Bxc4 31. R6f5 Rxf5 32. Rxf5 Rg8 33. Qf2 Rf8 34.
Qf3 f6 35. Qf2 Be6 36. Rf3 Qg5 37. Bg4 Bxg4 38. hxg4 Kg7 39. Rg3 Qc1+ 40. Kh2
h6 41. Qf5 Rf7 42. c4 Qxc4 43. Rh3 Qc1
0-1

[Event "Konnerud Tempo høstturnering 2022"]
[Site "Malmveien 15"]
[Date "2022.08.17"]
[Round "10"]
[White "Rørvik, Jon Fredrik"]
[Black "Lundstad, Andreas"]
[Result "1-0"]
[WhiteElo "2129"]
[BlackElo "1596"]
[PlyCount "81"]
[EventDate "2022.??.??"]

1. c4 e5 2. g3 Nc6 3. Bg2 f5 4. Nc3 Nf6 5. a3 a5 6. e3 Bc5 7. Nge2 d6 8. O-O
Bb6 9. Rb1 Be6 10. Nd5 O-O 11. b4 axb4 12. axb4 Ra7 13. d3 Ne7 14. Nxb6 cxb6
15. Bb2 Ng6 16. f4 Ng4 17. Qc1 Qd7 18. Nc3 Nf6 19. Re1 e4 20. dxe4 Bxc4 21.
exf5 Qxf5 22. e4 Qc8 23. Qd2 Rd8 24. Rbc1 b5 25. Nxb5 Ra2 26. Nc3 b5 27. Nxb5
Qa6 28. Nd4 d5 29. e5 Ne4 30. Bxe4 dxe4 31. Qc3 Rc8 32. Ra1 Ne7 33. Rxa2 Bxa2
34. Qa3 Qxa3 35. Bxa3 Rc3 36. Bb2 Rd3 37. Rxe4 Rd1+ 38. Kf2 Nd5 39. b5 Bc4 40.
Ne2 Rd2 41. Rxc4
1-0

[Event "Konnerud Tempo høstturnering 2022"]
[Site "Malmveien 15"]
[Date "2022.08.17"]
[Round "10"]
[White "Eriksen, Dag"]
[Black "Aure, Anders Nilsson"]
[Result "0-1"]
[WhiteElo "1626"]
[BlackElo "1802"]
[PlyCount "100"]
[EventDate "2022.??.??"]

1. Nf3 c5 2. g3 Nf6 3. Bg2 g6 4. O-O Bg7 5. d3 O-O 6. e4 Nc6 7. Nbd2 d6 8. c3
Bd7 9. Re1 Qc8 10. a4 Bg4 11. Nc4 Rb8 12. Bf4 Nh5 13. Be3 b6 14. Qd2 a6 15. Bh6
b5 16. Bxg7 Kxg7 17. axb5 axb5 18. Ne3 Bh3 19. Bh1 Nf6 20. Nd5 Ng4 21. d4 Rd8
22. Ng5 Nh6 23. Nf4 Bd7 24. d5 Ne5 25. Nd3 Nc4 26. Qc1 Qb7 27. f4 Ra8 28. Rxa8
Rxa8 29. b3 Na5 30. c4 Nxb3 31. Qb2+ Nd4 32. e5 Bf5 33. exd6 exd6 34. Ne4 Qb6
35. Ndf2 b4 36. Ng5 Kg8 37. h3 b3 38. Nfe4 Qd8 39. Ra1 Rxa1+ 40. Qxa1 Qb8 41.
Nf6+ Kg7 42. Nge4 b2 43. Qb1 Bxe4 44. Nxe4 Nc2 45. Nxd6 Na3 46. Ne8+ Kf8 47.
Nf6 Nxb1 48. Nd7+ Ke7 49. Nxb8 Nd2 50. Nc6+ Kd6
0-1

[Event "Konnerud Tempo høstturnering 2022"]
[Site "Malmveien 15"]
[Date "2022.08.17"]
[Round "11"]
[White "Aure, Anders Nilsson"]
[Black "Hellenes, André Tsolis"]
[Result "1-0"]
[WhiteElo "1802"]
[BlackElo "1678"]
[PlyCount "53"]
[EventDate "2022.??.??"]

1. c4 Nf6 2. Nc3 e5 3. g3 Be7 4. Bg2 O-O 5. Nf3 d6 6. O-O c6 7. d3 h6 8. Rb1
Be6 9. b4 Nbd7 10. Qc2 d5 11. Rd1 Qc7 12. c5 d4 13. Ne4 Nd5 14. Rb2 f5 15. Ned2
a5 16. a3 axb4 17. axb4 Nc3 18. Re1 Ra1 19. Nc4 Rfa8 20. e3 Bxc4 21. dxc4 Bf6
22. exd4 exd4 23. Qxf5 R8a2 24. Rxa2 Rxa2 25. Nxd4 Bxd4 26. Re8+ Nf8 27. Rxf8#
1-0

[Event "Konnerud Tempo høstturnering 2022"]
[Site "Malmveien 15"]
[Date "2022.08.17"]
[Round "11"]
[White "Simula, Leon"]
[Black "Ivanov, Dmitry N"]
[Result "1/2-1/2"]
[WhiteElo "2140"]
[BlackElo "2138"]
[PlyCount "122"]
[EventDate "2022.??.??"]

1. d4 d5 2. c4 e5 3. dxe5 d4 4. Nf3 Nc6 5. g3 Nge7 6. Bg2 Ng6 7. O-O Ngxe5 8.
Nbd2 Be7 9. b3 O-O 10. Bb2 a5 11. a3 Re8 12. Qc2 d3 13. exd3 Qxd3 14. Qxd3 Nxd3
15. Bc3 Bc5 16. Ne1 Bf5 17. Nxd3 Bxd3 18. Rfe1 Rxe1+ 19. Rxe1 Bxa3 20. Ra1 Bd6
21. Bxc6 bxc6 22. Rxa5 Rb8 23. c5 Be7 24. b4 Bf6 25. Bxf6 gxf6 26. Ra3 Bf5 27.
Rf3 Be6 28. Rf4 Kg7 29. Kf1 Ra8 30. Nc4 Ra1+ 31. Ke2 Rh1 32. h4 Rb1 33. Ne3
Rb2+ 34. Kd3 Kg6 35. Kc3 Ra2 36. Nc2 h5 37. Nd4 Bd5 38. Nf5 Re2 39. Kd3 Re1 40.
Ne3 Be6 41. Nc2 Rb1 42. Nd4 Bd5 43. Nf5 Re1 44. Kd2 Re8 45. Ne3 Be6 46. Rd4 Ra8
47. Ng2 Bf5 48. Nf4+ Kh6 49. Ke2 Re8+ 50. Kf3 Bg4+ 51. Kg2 Bf5 52. f3 Ra8 53.
Nxh5 Kxh5 54. g4+ Kxh4 55. gxf5+ Kg5 56. Rd7 Ra7 57. Rxf7 Rb7 58. Re7 Kxf5 59.
Re4 Ra7 60. Kg3 Rb7 61. Re3 Ra7
1/2-1/2

[Event "Konnerud Tempo høstturnering 2022"]
[Site "Malmveien 15"]
[Date "2022.08.17"]
[Round "11"]
[White "Skogli, Pål"]
[Black "Kierulf, Villum Brevick"]
[Result "1-0"]
[WhiteElo "1772"]
[BlackElo "1631"]
[PlyCount "61"]
[EventDate "2022.??.??"]

1. e4 c5 2. Nf3 g6 3. c3 d5 4. exd5 Qxd5 5. d4 Bg7 6. Na3 a6 7. Be3 cxd4 8. Bc4
Qd8 9. Nxd4 e6 10. Qf3 Qf6 11. O-O-O Qxf3 12. Nxf3 Nd7 13. Rhe1 Ne7 14. Bb3 Nf5
15. Bf4 O-O 16. g4 Ne7 17. Nc4 Nd5 18. Bd6 Rd8 19. Ne3 Nxe3 20. Rxe3 Nf6 21. g5
Nd5 22. Ba3 b5 23. Bxd5 Rxd5 24. Rxd5 exd5 25. Re8+ Bf8 26. Rxf8+ Kg7 27. Ne5
a5 28. Rxf7+ Kg8 29. Rf8+ Kg7 30. Bc5 b4 31. Rd8
1-0

[Event "Konnerud Tempo høstturnering 2022"]
[Site "Malmveien 15"]
[Date "2022.08.17"]
[Round "11"]
[White "Lundstad, Andreas"]
[Black "Eriksen, Dag"]
[Result "1-0"]
[WhiteElo "1596"]
[BlackElo "1626"]
[PlyCount "75"]
[EventDate "2022.??.??"]

1. e4 e5 2. Nc3 Nf6 3. f4 d5 4. fxe5 Nxe4 5. Qf3 f5 6. d3 Nxc3 7. bxc3 Be7 8.
Ne2 O-O 9. d4 c6 10. Nf4 Qe8 11. Bd3 g5 12. Qg3 Kh8 13. Ne2 f4 14. Qf2 c5 15.
c4 dxc4 16. Bxc4 cxd4 17. Bb2 Bb4+ 18. Kf1 f3 19. gxf3 Be6 20. Qxd4 Nc6 21. Qe4
Rd8 22. h4 g4 23. f4 Qf7 24. Rg1 h5 25. Bxe6 Qxe6 26. Ng3 Bc5 27. Rg2 Bd4 28.
c3 Bxe5 29. Nxh5 Qf7 30. Kg1 Qxh5 31. fxe5 Rde8 32. c4 Re6 33. Rxg4 Qf7 34. Rg2
Ne7 35. Qxb7 Qf4 36. Qxa7 Ng6 37. h5 Nh4 38. Qg7#
1-0

[Event "Konnerud Tempo høstturnering 2022"]
[Site "Malmveien 15"]
[Date "2022.08.17"]
[Round "11"]
[White "Lurdalen, Svein Erik"]
[Black "Rørvik, Jon Fredrik"]
[Result "1/2-1/2"]
[WhiteElo "1781"]
[BlackElo "2129"]
[PlyCount "48"]
[EventDate "2022.??.??"]

1. d4 Nf6 2. c4 e6 3. Nc3 d5 4. cxd5 exd5 5. Bg5 c6 6. Qc2 Be6 7. e3 Nbd7 8.
Bd3 Be7 9. Nge2 h6 10. Bf4 Rc8 11. O-O O-O 12. Bg3 Nb6 13. Rad1 Nc4 14. Nf4 Bg4
15. Rde1 b5 16. h3 Bd7 17. e4 Nxe4 18. Nxe4 dxe4 19. Bxc4 bxc4 20. Qxc4 Bf5 21.
Rd1 Bd6 22. Qa4 Qc7 23. Ne2 Be6 24. Bxd6 Qxd6
1/2-1/2